Φορτώνει......
Karuna: aattakatha /
| Κύριος συγγραφέας: | |
|---|---|
| Μορφή: | Printed Book |
| Γλώσσα: | Malayalam |
| Έκδοση: |
Kottayam :
Sahitya Pravarthaka Sahakarana Sangam ,
1973.
|
| LEADER | 00444nam a2200121Ia 4500 | ||
|---|---|---|---|
| 008 | 150624b xxu||||| |||| 00| | mal d | ||
| 100 | |a Narayananpotti Chengarappalli | ||
| 245 | |c Narayananpotti Chengarappalli |a Karuna: |b aattakatha / | ||
| 260 | |a Kottayam : |b Sahitya Pravarthaka Sahakarana Sangam , |c 1973. | ||
| 546 | |a In Malayalam. | ||
| 942 | |c BK | ||
| 999 | |c 86744 |d 86744 | ||
| 952 | |0 0 |1 0 |4 0 |7 0 |9 86688 |a UL |b UL |c ST2 |d 2012-10-27 |l 0 |p G822 |r 2012-10-27 |w 2012-10-27 |y BK | ||